| 000 | 00371nam a2200157Ia 4500 | ||
|---|---|---|---|
| 008 | 230312s9999||||xx |||||||||||||| ||und|| | ||
| 020 | _a0-534-59312-7 | ||
| 082 |
_a150 _bSTA |
||
| 100 | _aStalling, Richard B | ||
| 245 | 0 | _aPsychology | |
| 260 |
_bThomson Learning _aNew York _c2002 |
||
| 300 | _a270 | ||
| 546 | _aEng. | ||
| 650 |
_aEconomics _vPsychology |
||
| 942 | _cBK | ||
| 999 |
_c2626 _d2626 |
||